| 000 | 00561aam a2200241 4500 | ||
|---|---|---|---|
| 005 | 20241119142052.0 | ||
| 008 | 150715b xxu||||| |||| 00| 0 spa d | ||
| 020 | _a9968160059 | ||
| 041 | _aESP | ||
| 082 | _a843 S132p7 | ||
| 100 | _aSaint Exupéry, Antonie de | ||
| 245 | _aEl principito | ||
| 250 | _a7 edición | ||
| 260 | _aCosta Rica | ||
| 260 | _bGuayacán | ||
| 260 | _c2005 | ||
| 300 | _a82 páginas | ||
| 650 | _aLITERATURA FRANCESA | ||
| 650 | _aLITERATURA INFANTIL | ||
| 650 | _aNOVELA | ||
| 650 | _aFICCIÓN | ||
| 942 |
_cLIT _n0 _2ddc |
||
| 999 |
_c1738 _d1738 |
||